| 000 | 00637cam a22002293a 4500 | ||
|---|---|---|---|
| 001 | 18733 | ||
| 003 | PGUSA | ||
| 005 | 20140828083410.0 | ||
| 008 | 060701s2006||||xxu|||||s|||||000 | eng d | ||
| 040 |
_aPGUSA _beng |
||
| 042 | _adc | ||
| 050 | 4 | _aNB | |
| 100 | 1 |
_aBode, Wilhelm, _d1845-1929 |
|
| 245 | 1 | 0 |
_aDie Italienische Plastik _h[electronic resource] / _cWilhelm Bode |
| 260 |
_bProject Gutenberg, _c2006 |
||
| 506 | _aPublic domain in the USA. | ||
| 516 | _aElectronic text | ||
| 653 | _aSculpture -- Italy -- History | ||
| 830 | 0 |
_aProject Gutenberg _v18733 |
|
| 856 | 4 | 0 | _uhttp://www.gutenberg.org/ebooks/18733 |
| 942 | _cEB | ||
| 999 |
_c247988 _d247988 |
||